| 000 | 00904nam a22001937a 4500 | ||
|---|---|---|---|
| 005 | 20251008111554.0 | ||
| 010 | _aHIN-130479 | ||
| 020 |
_c795.00 _a9788194992868 |
||
| 035 | _aHN-102825 | ||
| 037 |
_bDBAD _a1 |
||
| 082 | _a158.1 | ||
| 100 |
_aशुक्ला बी.के.मेधावी _985419 |
||
| 245 |
_aश्रेष्ठ मनुष्य बनने के उपाय / _cबे.के.मेधावी शुक्ला _hहिंदी |
||
| 250 | _aप्रथम | ||
| 260 |
_aनई दिल्ली _bलेनिन मीडिया प्राइवेट लिमिटेड _c2021 |
||
| 270 |
_bनई दिल्ली _e110091 _k9818148113 _a204,IInd floor,Durga Complex,CSC,Mayur Vihar,Phase-II |
||
| 300 |
_aliv,161 पृष्ठ _b22से.मी.(सजिल्द) |
||
| 942 |
_2ddc _cHN _h158.1 _mशुक्लाबी |
||
| 999 |
_c213610 _d213610 |
||